Por el bien de la humanidad

保存先:
書誌詳細
第一著者: Brown, Lester R (著者)
フォーマット: 図書
言語:スペイン語
出版事項: Ciudad de México Diana 1976
主題:
タグ: タグ追加
タグなし, このレコードへの初めてのタグを付けませんか!

MARC

LEADER 00000nam a2200000 a 4500
001 UCQ0835
003 CL-VaPUC
008 980703e19760000MX |||||||||||||||||spa|d
082 0 4 |a 304.6  |b BRO  |2 21 
100 0 |a Brown, Lester R  |e author  |9 414174 
245 1 0 |a Por el bien de la humanidad 
300 |a 267 p 
942 |c BK 
945 |d 19980703 00:00:00  |a crobeson 
260 |a Ciudad de México  |b Diana  |c 1976 
650 0 |a Demografía   |9 260008 
650 7 |a POBLACION MUNDIAL  |2 CL-VaPUC  |9 334656 
650 0 |a Acontecimientos demográficos  |9 343208 
650 7 |a DISTRIBUCION DE LA POBLACION  |2 CL-VaPUC  |9 337513 
650 7 |a INVESTIGACION DEMOGRAFICA  |2 CL-VaPUC  |9 336843 
650 7 |a PROBLEMAS DEMOGRAFICOS  |2 CL-VaPUC  |9 338258 
650 7 |a PROYECCION DEMOGRAFICA  |2 CL-VaPUC  |9 343209 
583 |a last modification  |c 19980703 00:00:00  |k Rodrigo Vera 
999 |c 271863  |d 271861 
952 |0 0  |1 0  |4 0  |6 304_600000000000000_BRO_1976  |7 0  |8 A  |9 306642  |a BIBENE  |b BIBENE  |d 2019-11-20  |i 1427784  |o 304.6 BRO 1976  |p 1427784  |r 2025-01-15  |w 2019-11-20  |y BK  |k ICO 
952 |0 0  |1 0  |4 0  |6 304_600000000000000_BRO_1976  |7 0  |8 A  |9 306643  |a BIBENE  |b BIBENE  |d 2019-11-20  |i 1427792  |o 304.6 BRO 1976  |p 1427792  |r 2025-01-15  |w 2019-11-20  |y BK  |k ICO